College Football Rivalries Quiz - Part 1 - Statistics

General Stats
  • This quiz has been taken 17 times
  • The average score is 17 of 20
Answer Stats
Game Trophy Rivalry % Correct
The Game - Michigan vs. {Ohio} {State}
100%
Iron Bowl Foy–ODK Sportsmanship Trophy Alabama vs. {Auburn}
93%
Big Game Stanford Axe California vs. {Stanford}
93%
Sunshine Showdown - Florida vs. {Florida} {State}
93%
Border War - Kansas vs. {Missouri}
93%
Jeweled Shillelagh - Notre Dame vs. {USC}
93%
Holy War - Utah vs. {BYU}
93%
- Secretary's Trophy Army vs. {Navy}
87%
- Okefenokee Oar Georgia vs. {Florida}
87%
Red River Rivalry Golden Hat Oklahoma vs. {Texas}
87%
Egg Bowl The Golden Egg Ole Miss vs. {Mississippi} {State}
87%
Lone Star Showdown - Texas vs. {Texas} {A&M}
87%
- Victory Bell USC vs. {UCLA}
87%
- Paul Bunyan's Axe Wisconsin vs. {Minnesota}
87%
- Paul Bunyan Trophy Michigan vs. {Michigan} {State}
80%
Backyard Brawl - Pittsburgh vs. {West} {Virginia}
80%
Third Saturday in October - Alabama vs. {Tennessee}
73%
Heroes Game Heroes Trophy Iowa vs. {Nebraska}
53%
- Shillelagh Trophy Notre Dame vs. {Purdue}
53%
Magnolia Bowl - LSU vs. {Ole} {Miss}
47%
No matching quizzes found
Score Distribution
Percent of People with Each Score
Percentile by Number Answered
Your Score History
You have not taken this quiz